|
|
|
|
| LEADER |
00822nam a2200217 a 4500 |
| 001 |
12725430 |
| 008 |
100110s2003 nyua b 001 0 eng d |
| 010 |
|
|
|a \\2002067121
|
| 020 |
|
|
|a 0321080610
|
| 040 |
|
|
|a DLC
|c DLC
|d DLC
|d BD-DhAAL
|
| 082 |
0 |
0 |
|a 327
|2 222
|
| 100 |
1 |
|
|a Snow, Donald M.,
|d 1943-
|
| 245 |
1 |
0 |
|a Cases in international relations :
|b portraits of the future /
|c Donald M. Snow.
|
| 260 |
|
|
|a New York :
|b Longman,
|c c2003.
|
| 300 |
|
|
|a xiii, 322 p. :
|b ill. ;
|c 24 cm.
|
| 504 |
|
|
|a Includes bibliographical references and index.
|
| 541 |
1 |
|
|e 00009693
|
| 650 |
|
0 |
|a International relations.
|
| 852 |
4 |
|
|a Ayesha Abed Library
|j General shelf
|
| 999 |
|
|
|c 6822
|d 6822
|
| 952 |
|
|
|0 0
|1 0
|2 ddc
|4 0
|6 327_SNO_200300000000000
|7 0
|9 7028
|a BRACUL
|b BRACUL
|c GEN
|d 2010-01-11
|l 4
|m 27
|o 327 SNO
|p 3010009693
|r 2025-12-07
|s 2025-11-10
|t 1
|w 2010-01-11
|y BK
|